[Event "FRM-chT (Women)"]
[Site "Struga"]
[Date "2022.10.15"]
[Round "2.4"]
[White "Zrmanovska, Mihaela"]
[Black "Koskoska, Gabriela"]
[Result "1-0"]
[WhiteElo "1420"]
[BlackElo "1986"]
[PlyCount "65"]
[EventDate "2022.10.14"]
[EventType "team-tourn"]
[EventRounds "7"]
[EventCountry "MKD"]
[SourceTitle "CBM 210 Extra"]
[Source "ChessBase"]
[SourceDate "2022.11.30"]
[SourceVersion "1"]
[SourceVersionDate "2022.11.30"]
[SourceQuality "1"]
[WhiteTeam "Skopje Gambit Asseko (W)"]
[BlackTeam "Skopje Alkaloid (W)"]
[WhiteTeamCountry "MKD"]
[BlackTeamCountry "MKD"]

1. e4 c6 2. d4 d5 3. exd5 cxd5 4. Bd3 Nc6 5. c3 Nf6 6. h3 e5 7. dxe5 Nxe5 8. Nf3 Nxd3+ 9. Qxd3 Bd6 10. Be3 0-0 11. 0-0 Qe7 12. Bd4 Ne4 13. Re1 f5 14. Be5 Bc5 15. Re2 Be6 16. Nbd2 Bf7 17. Nb3 Bb6 18. Nbd4 Bh5 19. Nxf5 Rxf5 20. Qxd5+ Kh8 21. Qxe4 Bxf3 22. gxf3 Raf8 23. f4 Qh4 24. Qxb7 Rxe5 25. Rxe5 Qxf2+ 26. Kh1 Qh4 27. Qf3 h6 28. Re4 Rd8 29. Rae1 Kh7 30. Re5 Rd2 31. Qe4+ Kg8 32. Re8+ Kf7 33. Qe6# 1-0

[Event "FRM-ch U16 Girls"]
[Site "Struga"]
[Date "2021.06.25"]
[Round "6"]
[White "Zrmanovska, Mihaela"]
[Black "Ajradinoska, Indzi"]
[Result "1-0"]
[WhiteElo "1300"]
[BlackElo "1118"]
[PlyCount "69"]
[EventDate "2021.06.22"]
[EventType "tourn"]
[EventRounds "6"]
[EventCountry "MKD"]
[SourceTitle "EXT 2022"]
[Source "ChessBase"]
[SourceDate "2021.10.06"]
[SourceVersion "1"]
[SourceVersionDate "2021.10.06"]
[SourceQuality "1"]

1. e4 e6 2. d4 d5 3. Nd2 Nf6 4. e5 Nfd7 5. Bd3 c5 6. c3 Nc6 7. Ne2 Qb6 8. Nf3 Be7 9. 0-0 h6 10. Qd2 Nf8 11. Qf4 Bd7 12. Qg4 g6 13. Qf4 g5 14. Qg4 h5 15. Qg3 h4 16. Qg4 c4 17. Bc2 Nh7 18. Bxh7 Rxh7 19. Nxg5 Rg7 20. Qxh4 0-0-0 21. f4 f6 22. Qh6 Rxg5 23. fxg5 fxe5 24. Kh1 exd4 25. cxd4 Nxd4 26. Be3 Bc5 27. Nxd4 Bxd4 28. Bxd4 Qxd4 29. g6 Rh8 30. Rf8+ Rxf8 31. Qxf8+ Kc7 32. g7 Qxb2 33. Rf1 c3 34. g8Q Kb6 35. Qf2+ 1-0

[Event "FRM-ch U16 Girls"]
[Site "Struga"]
[Date "2021.06.23"]
[Round "2"]
[White "Zrmanovska, Mihaela"]
[Black "Veleva, Teodora"]
[Result "1-0"]
[WhiteElo "1300"]
[BlackElo "1042"]
[PlyCount "57"]
[EventDate "2021.06.22"]
[EventType "tourn"]
[EventRounds "6"]
[EventCountry "MKD"]
[SourceTitle "EXT 2022"]
[Source "ChessBase"]
[SourceDate "2021.10.06"]
[SourceVersion "1"]
[SourceVersionDate "2021.10.06"]
[SourceQuality "1"]

1. e4 d5 2. exd5 Qxd5 3. Nc3 Qd8 4. d4 Nf6 5. Nf3 Bg4 6. Be2 e6 7. Bg5 Bb4 8. Qd3 Nbd7 9. 0-0 0-0 10. Qe3 Bxc3 11. bxc3 c6 12. Ne5 Bxe2 13. Qxe2 Qc7 14. f4 Nd5 15. c4 N5b6 16. Qg4 f5 17. Qe2 Nf6 18. Bxf6 Rxf6 19. Qd2 Rd8 20. c5 Nd5 21. Nc4 Rff8 22. Nd6 b6 23. c4 bxc5 24. dxc5 Nb6 25. cxb6 Rxd6 26. bxc7 Rxd2 27. Rad1 Rc8 28. Rxd2 Rxc7 29. Rfd1 1-0

[Event "Wch FIDE Online U14 Girls Europe qual"]
[Site "Tornelo INT"]
[Date "2020.12.07"]
[Round "2"]
[White "Ray, Hiya"]
[Black "Zrmanovska, Mihaela"]
[Result "0-1"]
[WhiteElo "1542"]
[BlackElo "1191"]
[PlyCount "60"]
[EventDate "2020.12.07"]
[EventType "swiss (rapid)"]
[EventRounds "7"]
[EventCountry "ISS"]
[SourceTitle "EXT 2022"]
[Source "ChessBase"]
[SourceDate "2021.10.06"]
[SourceVersion "1"]
[SourceVersionDate "2021.10.06"]
[SourceQuality "1"]

1. d4 d5 2. Nf3 Nf6 3. c4 e6 4. g3 Be7 5. Bg2 0-0 6. 0-0 dxc4 7. Nbd2 b5 8. Ne5 Nd5 9. a4 c6 10. axb5 cxb5 11. Ne4 Qc7 12. Bd2 Nc6 13. Nxc6 Qxc6 14. Nc3 Bb7 15. e4 Nb4 16. d5 exd5 17. Nxd5 Nxd5 18. exd5 Qb6 19. Bc3 Bf6 20. Bxf6 Qxf6 21. Qc2 Qe5 22. Rfe1 Qg5 23. Rad1 Rfe8 24. Qc3 Rad8 25. f4 Qf5 26. Re5 Qf6 27. Rde1 Rxe5 28. Rxe5 h6 29. Qa5 a6 30. Qxd8+ Qxd8 0-1

[Event "FRM-ch U14 Girls"]
[Site "Ohrid"]
[Date "2020.08.28"]
[Round "4"]
[White "Zlatkova, Ana"]
[Black "Zrmanovska, Mihaela"]
[Result "0-1"]
[WhiteElo "1013"]
[BlackElo "1280"]
[PlyCount "38"]
[EventDate "2020.08.25"]
[EventType "tourn"]
[EventRounds "5"]
[EventCountry "MKD"]
[SourceTitle "CBM 198 Extra"]
[Source "ChessBase"]
[SourceDate "2020.11.30"]
[SourceVersion "1"]
[SourceVersionDate "2020.11.30"]
[SourceQuality "1"]

1. e4 c5 2. Nf3 a6 3. Nc3 e6 4. d3 Nf6 5. Bg5 Be7 6. Qe2 0-0 7. Qe3 Qb6 8. 0-0-0 Nc6 9. h3 d5 10. exd5 exd5 11. Bxf6 Bxf6 12. Na4 Qb4 13. b3 Qa3+ 14. Kd2 d4 15. Qe4 Be6 16. g4 Qxa2 17. g5 Bxb3 18. gxf6 Qxc2+ 19. Ke1 Qxd1# 0-1

[Event "FRM-ch U14 Girls"]
[Site "Ohrid"]
[Date "2020.08.27"]
[Round "3"]
[White "Zrmanovska, Mihaela"]
[Black "Ajradinoska, Indzi"]
[Result "1-0"]
[WhiteElo "1280"]
[BlackElo "1067"]
[PlyCount "89"]
[EventDate "2020.08.25"]
[EventType "tourn"]
[EventRounds "5"]
[EventCountry "MKD"]
[SourceTitle "CBM 198 Extra"]
[Source "ChessBase"]
[SourceDate "2020.11.30"]
[SourceVersion "1"]
[SourceVersionDate "2020.11.30"]
[SourceQuality "1"]

1. e4 e5 2. Nf3 Nc6 3. Bc4 Bc5 4. c3 Nf6 5. d4 exd4 6. e5 Qe7 7. cxd4 Bb4+ 8. Bd2 Bxd2+ 9. Nbxd2 d5 10. Bb5 Bd7 11. Bxc6 Bxc6 12. 0-0 Nd7 13. Nb3 Ba4 14. Rc1 c6 15. Nfd2 Qg5 16. f4 Qg6 17. Rc3 Qe6 18. f5 Qe7 19. Qg4 g6 20. Re3 Rg8 21. e6 Kf8 22. Qf4 g5 23. exf7 Rg7 24. Rxe7 gxf4 25. Rxd7 Rxf7 26. Rxf7+ Kxf7 27. Nc5 Bb5 28. Rxf4 b6 29. Ne6 Kf6 30. g4 Rg8 31. g5+ Ke7 32. Rh4 Bd3 33. Rxh7+ Kd6 34. Rf7 Bxf5 35. Rxf5 Kxe6 36. Re5+ Kd6 37. Nf3 Rf8 38. Kg2 c5 39. dxc5+ bxc5 40. g6 d4 41. h4 d3 42. g7 Rg8 43. Rg5 Ke6 44. h5 Rd8 45. g8Q+ 1-0

[Event "Struga Lake Queen op"]
[Site "Struga"]
[Date "2019.09.09"]
[Round "7"]
[White "Ramaj, Ergit"]
[Black "Zrmanovska, Mihaela"]
[Result "1/2-1/2"]
[WhiteElo "1268"]
[BlackElo "1301"]
[PlyCount "74"]
[EventDate "2019.09.07"]
[EventType "swiss"]
[EventRounds "7"]
[EventCountry "MKD"]
[SourceTitle "EXT 2021"]
[Source "ChessBase"]
[SourceDate "2020.10.23"]
[SourceVersion "1"]
[SourceVersionDate "2020.10.23"]
[SourceQuality "1"]

1. Nf3 d5 2. d4 Nf6 3. Bf4 e6 4. e3 c5 5. c4 b6 6. Be2 Nc6 7. Nc3 Be7 8. 0-0 0-0 9. a3 Bb7 10. Ne5 Nd7 11. Nxd7 Qxd7 12. dxc5 Bxc5 13. cxd5 exd5 14. Nxd5 Rfd8 15. Nc3 Qe6 16. Qc2 Ne5 17. e4 Rac8 18. Kh1 Bd4 19. Rad1 Ng6 20. Bg3 Bxc3 21. Rxd8+ Rxd8 22. Qxc3 Bxe4 23. Bf3 Bxf3 24. Qxf3 h6 25. Qc3 Rc8 26. Qd2 Qc4 27. Rd1 Qc2 28. h3 Qxd2 29. Rxd2 Ne7 30. Rd7 Nc6 31. Rc7 Rxc7 32. Bxc7 Kf8 33. Bd6+ Ke8 34. Kh2 g6 35. Kg3 Kd7 36. Bf4 h5 37. Be3 b5 1/2-1/2

[Event "FRM-ch U14"]
[Site "Struga"]
[Date "2019.04.30"]
[Round "6"]
[White "Zrmanovska, Mihaela"]
[Black "Tabakovski, Dino"]
[Result "0-1"]
[WhiteElo "1278"]
[BlackElo "1359"]
[PlyCount "114"]
[EventDate "2019.04.26"]
[EventType "swiss"]
[EventRounds "7"]
[EventCountry "MKD"]
[SourceTitle "CBM 190 Extra"]
[Source "ChessBase"]
[SourceDate "2019.07.15"]
[SourceVersion "1"]
[SourceVersionDate "2019.07.15"]
[SourceQuality "1"]

1. e4 Nc6 2. d4 d5 3. e5 f6 4. f4 Bf5 5. Nf3 fxe5 6. fxe5 e6 7. Be2 Bb4+ 8. c3 Ba5 9. 0-0 Nge7 10. Qe1 0-0 11. Qg3 Be4 12. Bg5 Bxf3 13. Bxf3 Qd7 14. Nd2 Nf5 15. Qh3 h6 16. Bf4 Nfxd4 17. Bg4 Nf5 18. Rad1 Bb6+ 19. Kh1 Rae8 20. Bh5 Rc8 21. Ne4 Qe7 22. Ng3 Ne3 23. Bxe3 Bxe3 24. Bg4 Rce8 25. Rxf8+ Kxf8 26. Re1 Bb6 27. Nh5 Qf7 28. Qg3 Bf2 29. Rf1 Bxg3 30. Rxf7+ Kxf7 31. Nxg3 g6 32. Ne2 h5 33. Bh3 g5 34. g3 g4 35. Bf1 Nxe5 36. Nf4 Rh8 37. Kg2 Nc4 38. b3 Ne3+ 39. Kf2 Nxf1 40. Kxf1 Rh6 41. Ke2 c6 42. Ke3 e5 43. Ng2 Rf6 44. Ne1 Ke6 45. b4 e4 46. Kd4 Kd6 47. Ke3 Ke5 48. a4 b6 49. Ke2 c5 50. b5 d4 51. c4 e3 52. Nd3+ Ke6 53. Nf4+ Rxf4 54. gxf4 Kf5 55. Kd3 Kxf4 56. Ke2 Ke4 57. Ke1 Kd3 0-1

[Event "FRM-ch U14"]
[Site "Struga"]
[Date "2019.04.28"]
[Round "4"]
[White "Janeski, Leon"]
[Black "Zrmanovska, Mihaela"]
[Result "1-0"]
[WhiteElo "1263"]
[BlackElo "1278"]
[PlyCount "89"]
[EventDate "2019.04.26"]
[EventType "swiss"]
[EventRounds "7"]
[EventCountry "MKD"]
[SourceTitle "CBM 190 Extra"]
[Source "ChessBase"]
[SourceDate "2019.07.15"]
[SourceVersion "1"]
[SourceVersionDate "2019.07.15"]
[SourceQuality "1"]

1. e4 c5 2. Nf3 d6 3. d4 cxd4 4. Nxd4 Nf6 5. Nc3 g6 6. Be3 Bg7 7. f3 0-0 8. Qd2 Nc6 9. Bc4 Bd7 10. 0-0-0 Qc7 11. Bb3 Nxd4 12. Bxd4 a5 13. Bxf6 Bxf6 14. Nd5 Qc6 15. Nxf6+ exf6 16. Qxd6 Rfd8 17. Qxc6 Bxc6 18. Rxd8+ Rxd8 19. Rd1 Rc8 20. Bd5 b6 21. Bxc6 Rxc6 22. Rd5 Kf8 23. b3 Ke7 24. c4 Ke6 25. Kb2 Rd6 26. Ka3 Kd7 27. Ka4 Kc6 28. Rxd6+ Kxd6 29. Kb5 Kc7 30. a3 Kb7 31. b4 axb4 32. axb4 Kc7 33. c5 bxc5 34. bxc5 Kb7 35. c6+ Kc7 36. Kc5 g5 37. g4 h6 38. h3 Kc8 39. Kd6 Kd8 40. c7+ Kc8 41. Ke7 Kxc7 42. Kxf7 Kd8 43. Kxf6 Ke8 44. Kg6 Kf8 45. Kxh6 1-0

[Event "FRM-ch U14"]
[Site "Struga"]
[Date "2019.04.27"]
[Round "3"]
[White "Zrmanovska, Mihaela"]
[Black "Boneski, Nikola"]
[Result "1-0"]
[WhiteElo "1278"]
[BlackElo "1181"]
[PlyCount "87"]
[EventDate "2019.04.26"]
[EventType "swiss"]
[EventRounds "7"]
[EventCountry "MKD"]
[SourceTitle "CBM 190 Extra"]
[Source "ChessBase"]
[SourceDate "2019.07.15"]
[SourceVersion "1"]
[SourceVersionDate "2019.07.15"]
[SourceQuality "1"]

1. e4 c5 2. Nf3 e6 3. d4 cxd4 4. Nxd4 Nc6 5. Nc3 a6 6. Be3 Bb4 7. Bd3 Nf6 8. 0-0 d5 9. Nxc6 bxc6 10. e5 Nd7 11. Qg4 Bf8 12. f4 g6 13. Qf3 Rb8 14. b3 Nc5 15. Bd4 Nxd3 16. Qxd3 c5 17. Bf2 Bb7 18. Qh3 d4 19. Na4 Qa5 20. Bh4 Bg7 21. Rf2 c4 22. Rd1 Qd5 23. Nb6 Qc5 24. Nxc4 Bd5 25. Nd6+ Kf8 26. Qd3 Rb4 27. Qxa6 Bh6 28. Qc8+ Qxc8 29. Nxc8 d3 30. Be7+ Kg7 31. Bxb4 Rxc8 32. Rxd3 Be4 33. Rc3 Rd8 34. Bd6 Ra8 35. a4 Ra5 36. Rc5 Ra7 37. a5 g5 38. g3 gxf4 39. gxf4 Kg6 40. b4 Kf5 41. Rb5 Bxf4 42. Bc5 Ra8 43. Be3 Rg8+ 44. Kf1 1-0

[Event "Ohrid Lasker U20 op"]
[Site "Ohrid"]
[Date "2018.10.12"]
[Round "3"]
[White "Zrmanovska, Mihaela"]
[Black "Zlatkov, Anton"]
[Result "0-1"]
[WhiteElo "1354"]
[BlackElo "1694"]
[PlyCount "68"]
[EventDate "2018.10.11"]
[EventType "swiss"]
[EventRounds "7"]
[EventCountry "MKD"]
[SourceTitle "CBM 186 Extra"]
[Source "ChessBase"]
[SourceDate "2018.08.24"]
[SourceVersion "1"]
[SourceVersionDate "2018.08.24"]
[SourceQuality "1"]

1. e4 e6 2. d4 d5 3. e5 c5 4. c3 Nc6 5. Nf3 Qb6 6. a3 a5 7. Qd3 cxd4 8. cxd4 Bd7 9. Nc3 Be7 10. Qb5 Qc7 11. Qd3 f6 12. Bf4 g5 13. Bg3 f5 14. h3 Nh6 15. Be2 f4 16. Bh2 Nf5 17. 0-0 h5 18. Rac1 Qd8 19. Bd1 Kf7 20. Bc2 Qg8 21. Qd2 g4 22. hxg4 hxg4 23. Ne1 Rxh2 24. Bxf5 exf5 25. Qxf4 Rh8 26. Nxd5 Qh7 27. f3 g3 28. Qxg3 Nxd4 29. Nc3 Bc5 30. Qh3 Nxf3+ 31. Kh1 Qxh3+ 32. gxh3 Rxh3+ 33. Kg2 Rg8+ 34. Kxh3 f4+ 0-1

[Event "EU-ch U12 Girls 27th"]
[Site "Mamaia"]
[Date "2017.09.05"]
[Round "1"]
[White "Zrmanovska, Mihaela"]
[Black "Tryggestad, Linnea Garberg"]
[Result "0-1"]
[WhiteElo "1166"]
[BlackElo "1597"]
[PlyCount "62"]
[EventDate "2017.09.05"]
[EventType "swiss"]
[EventRounds "9"]
[EventCountry "ROU"]
[SourceTitle "CBM 180 Extra"]
[Source "ChessBase"]
[SourceDate "2017.10.06"]
[SourceVersion "1"]
[SourceVersionDate "2017.10.06"]
[SourceQuality "1"]

1. e4 c6 2. d4 d5 3. exd5 cxd5 4. Nf3 Nc6 5. Bd3 Bg4 6. c3 Nf6 7. 0-0 e6 8. Bf4 Bd6 9. Bg3 0-0 10. Nbd2 Qc7 11. Qc2 Rfe8 12. a3 Rac8 13. Bh4 Bxf3 14. Nxf3 Ng4 15. Bg3 Bxg3 16. fxg3 Ne3 17. Qd2 Nxf1 18. Rxf1 h6 19. Qc2 Qb6 20. b4 e5 21. Qb2 e4 22. Bxe4 dxe4 23. Nd2 e3 24. Nc4 Qc7 25. Re1 Nxd4 26. Nxe3 Qxc3 27. Qxc3 Rxc3 28. Kf2 Nc2 29. Nxc2 Rxc2+ 30. Kf1 Rxe1+ 31. Kxe1 Rxg2 0-1

[Event "Ohrid Lasker U18 op"]
[Site "Ohrid"]
[Date "2016.10.11"]
[Round "7"]
[White "Zrmanovska, Mihaela"]
[Black "Angjelkoska, Jana"]
[Result "0-1"]
[WhiteElo "1105"]
[BlackElo "1470"]
[PlyCount "90"]
[EventDate "2016.10.08"]
[EventType "swiss"]
[EventRounds "7"]
[EventCountry "MKD"]
[SourceTitle "CBM 175 Extra"]
[Source "ChessBase"]
[SourceDate "2016.12.12"]
[SourceVersion "1"]
[SourceVersionDate "2016.12.12"]
[SourceQuality "1"]

1. e4 c5 2. c3 d5 3. exd5 Qxd5 4. d4 cxd4 5. cxd4 Nc6 6. Nf3 Bg4 7. Be3 Bxf3 8. Qxf3 Qxf3 9. gxf3 0-0-0 10. Bc4 e6 11. Nc3 Nxd4 12. 0-0-0 Nxf3 13. Bxa7 Bd6 14. Kb1 Nf6 15. h3 Bf4 16. Be2 Nd2+ 17. Ka1 Nde4 18. Nxe4 Nxe4 19. f3 Ng3 20. Bc4 Nxh1 21. Rxh1 Rd2 22. Rg1 Be5 23. Rb1 Rhd8 24. Bb3 Re2 25. Rc1+ Kd7 26. Ba4+ Ke7 27. Bc5+ Kf6 28. Ba3 Rdd2 29. Rb1 Rh2 30. h4 Rxh4 31. Bd1 Rh1 32. Bb3 Rxb1+ 33. Kxb1 Rf2 34. Bd1 g6 35. b3 h5 36. Bc1 h4 37. Be3 Rb2+ 38. Kc1 h3 39. f4 Bc3 40. Bf3 Rxa2 41. Kd1 h2 42. Bxb7 Bb4 43. Bf3 h1Q+ 44. Bxh1 Ra1+ 45. Bc1 Ba3 0-1